25 plus grandes agglomérations de France - Statistiques

Statistiques générales
  • Ce quiz a été pris 107 fois
  • Le résultat moyen est 16 sur 25
Statistiques - réponses
Hint Réponse % Correct
11 013 774 Paris
99%
1 721 721 Lyon
98%
1 063 720 Lille
90%
987 709 Nice
90%
1 034 027 Bordeaux
89%
1 093 783 Toulouse
89%
494 536 Strasbourg
85%
381 156 Rennes
83%
485 823 Montpellier
81%
689 036 Nantes
78%
457 409 Grenoble
75%
292 837 Orléans
70%
481 104 Rouen
69%
294 271 Metz
67%
376 371 Saint-Etienne
65%
272 529 Clermont-Ferrand
63%
603 708 Toulon
63%
285 561 Nancy
61%
370 118 Tours
60%
1 648 953 Aix-Marseille
41%
470 028 Avignon
34%
262 866 Bayonne
27%
332 401 Valenciennes
19%
505 025 Douai-Lens
11%
356 094 Béthune
10%
Aucun quiz correspondant
Distribution des résultats
% des personnes avec chaque résultat
Percentile par nombre de réponses
Votre historique - résultats
Vous n’avez pas pris ce quiz